[Event "19th Vidmar Mem"]
[Site "Ljubljana SLO"]
[Date "2011.08.13"]
[Round "8"]
[White "Beliavsky, A."]
[Black "Sebenik, M."]
[Result "1-0"]
[WhiteElo "2613"]
[BlackElo "2525"]
[Annotator "Müller,Karsten"]
[PlyCount "143"]
[EventDate "2011.08.06"]
[EventType "swiss"]
[EventRounds "9"]
[EventCountry "SLO"]
[EventCategory "9"]
[Source "Chess Today"]
[SourceDate "2011.08.18"]

1. d4 Nf6 2. c4 g6 3. Nc3 Bg7 4. e4 d6 5. Nf3 O-O 6. Be2 e5 7. O-O Nc6 8. d5
Ne7 9. Ne1 Nd7 10. Be3 f5 11. f3 f4 12. Bf2 g5 13. g4 h5 14. h3 Rf7 15. Kg2 Ng6
16. Rh1 Bf8 17. Nd3 Rh7 18. Qg1 b6 19. Kf1 Kf7 20. Ke1 a5 21. Kd2 Be7 22. b3
Nf6 23. a3 Qh8 24. Qf1 Bd7 25. Rg1 hxg4 26. hxg4 Rh2 27. b4 axb4 28. axb4 Rxa1
29. Qxa1 Qh3 30. Qf1 Nh4 31. Qxh3 Rxh3 32. Ne1 Rh2 33. Rf1 Bc8 34. Bg1 Rh3 35.
Kc2 Ba6 36. Kb3 Ke8 37. Bd3 Bc8 38. Nb5 Kd8 39. Kc2 Bd7 40. Na7 Ke8 41. Nc6 Bf8
42. Nb8 Bc8 43. Nc6 Bd7 44. Be2 Bxg4 45. fxg4 Nxe4 46. Nf3 Bh6 47. Nxh4 gxh4
48. Bd3 Ng3 49. Bg6+ Kf8 50. Ra1 Rh1 51. Ra7 Rxg1 52. Rxc7 Bg5 53. c5 Rg2+ 54.
Kb3 dxc5 55. d6 c4+ 56. Kxc4 Kg8 57. Rh7 Ra2 58. Ne7+ Bxe7 59. dxe7 Ra8 60.
Rxh4 f3 61. Rh2 e4 62. Kd4 Kg7 63. e8=Q Rxe8 64. Bxe8 e3 65. Kxe3 Nf1+ 66. Kxf3
Nxh2+ 67. Kf4 $5 {[%csl Gf4,Gh2] A typical formation. The king restricts the
knight forcefully.} (67. Kg3 $6 {is less precise:} Nf1+ 68. Kf4 {[%csl Gf1,Gf4]
} Nd2 69. Bb5 Nb1 70. Bd3 Nc3 71. Ke5 {[%csl Gc3,Ge5]} Na2 72. b5 Nc3 {and now}
73. Kd4 {wins} ({But not} 73. Kd6 $2 Kf6 74. Kc6 Kg5 $1 75. Bf5 Na4 76. Kd5 (
76. Bc2 Nc3 77. Kxb6 Nxb5 78. Kxb5 Kxg4 $11) 76... Nc3+ 77. Kc4 Na4 78. Bc2 Nc5
79. Bd1 (79. Kd5 Kxg4 80. Kc6 Ne6 81. Kxb6 Nd4 $11 {[%cal Gd4b5]}) 79... Ne4 $1
80. Kd5 (80. Be2 Nd6+ 81. Kd5 Nxb5 $11) 80... Nc3+ 81. Kc6 Nxd1 82. Kxb6 Nc3
$11 {[%cal Gc3b5]}) 73... Na4 74. Bc2 Nc5 75. Kd5 Kf6 76. Kc6 Kg5 77. Bd1 $18 {
Dominance!}) 67... Nf1 68. Bb5 $1 Nd2 (68... Nh2 69. Kg3 $18) 69. Bd3 Nb3 70.
Ke3 {[%csl Gb3,Ge3][%cal Ge3d4,Ge3d2]} Nc1 71. Bc4 {[%cal Gc4a2,Gc4e2] The
typical corralling.} b5 72. Bd5 {[%cal Ge3d2]} ({Of course not} 72. Bxb5 $4 Na2
73. Kd4 Nxb4 {and the steed escapes:} 74. Kc4 Nc2 75. Kd3 Ne1+ 76. Ke2 Ng2 77.
Kf3 Nh4+ $11) 1-0